Microscopia normal y electrónica de las inclusiones intracelulares producidas por virus de plantas (Record no. 175153)

MARC details
000 -LEADER
campo de control de longitud fija 01020nam a22002415i 4500
001 - NÚMERO DE CONTROL
campo de control 175153
003 - IDENTIFICADOR DE NÚMERO DE CONTROL
campo de control ES-MaACL
005 - FECHA Y HORA DE LA ÚLTIMA TRANSACCIÓN
campo de control 20250815103933.0
008 - DATOS DE LONGITUD FIJA--INFORMACIÓN GENERAL
campo de control de longitud fija 101008s1963 sp ao |||| | spa d
080 ## - NÚMERO DE LA CLASIFICACIÓN DECIMAL UNIVERSAL
Número de la Clasificación Decimal Universal 581.2
100 1# - ENTRADA PRINCIPAL--NOMBRE DE PERSONA
Nombre de persona Rubio Huertos, Miguel.
9 (RLIN) 143501
245 10 - MENCIÓN DEL TÍTULO
Título Microscopia normal y electrónica de las inclusiones intracelulares producidas por virus de plantas
Resto del título : premio "Francisco Franco", 1959 /
Mención de responsabilidad, etc. Miguel Rubio Huertos.
260 ## - PUBLICACIÓN, DISTRIBUCIÓN, ETC.
Lugar de publicación, distribución, etc. Madrid :
Nombre del editor, distribuidor, etc. Consejo Superior de Investigaciones Científicas,
Fecha de publicación, distribución, etc. 1963.
300 ## - DESCRIPCIÓN FÍSICA
Extensión 130 p. :
Otras características físicas il., fot. ;
Dimensiones 25 cm.
490 1# - MENCIÓN DE SERIE
Mención de serie Monografías de ciencia moderna ;
Designación de volumen o secuencia 66
490 1# - MENCIÓN DE SERIE
Mención de serie Instituto "Jaime Ferrán" de Microbiología ;
Designación de volumen o secuencia 3
650 14 - PUNTO DE ACCESO ADICIONAL DE MATERIA--TÉRMINO DE MATERIA
Término de materia o nombre geográfico como elemento de entrada Patología vegetal.
9 (RLIN) 15885
710 2# - ENTRADA AGREGADA--NOMBRE DE ENTIDAD CORPORATIVA
Nombre de entidad corporativa o nombre de jurisdicción como elemento de entrada Consejo Superior de Investigaciones Científicas (España)
9 (RLIN) 3236
830 0# - PUNTO DE ACCESO ADICIONAL DE SERIE-TÍTULO UNIFORME
Título uniforme Monografías de ciencia moderna
Designación de volumen o secuencia 66
9 (RLIN) 189470
830 0# - PUNTO DE ACCESO ADICIONAL DE SERIE-TÍTULO UNIFORME
Título uniforme Instituto "Jaime Ferrán" de Microbiología ;
Designación de volumen o secuencia 3
9 (RLIN) 189530
852 ## - LOCALIZACIÓN
Ubicación ES-MaACL
Número de control de estantería E-13330
Encuadernación Olim P-555 bis
Holdings
Estatus retirado Estado de pérdida Estado de daño No para préstamo Biblioteca de origen Biblioteca actual Ubicación en estantería Fecha de adquisición Fuente de adquisición Total de préstamos Signatura topográfica completa Código de barras Visto por última vez Precio de reemplazo Tipo de ítem Koha
        Biblioteca del Ateneo de Madrid Biblioteca del Ateneo de Madrid Depósito 2 08/10/2010     E-13330 1183912 23/02/2023 23/02/2023 Libro impreso